00525 2200205 4500001002100000005001500021035002000036245004200056250003200098300002600130020001800156082001100174084001700185264002900202336002200231337002000253338002700273600001000300990000900310INLIS00000000000208320260108093901 a0010-01260000121 aAdakah Musik Islami? /cMuslim Atsari aCetakan ke-VI Desember 2009 a120 hlm :b- ;c18 cm a979-1189-53-6 a297.01 a297.01 MUS a aSolo :bAt-Tibyan,c2009 2rdacontentaAgama 2rdamediaaFisik 2rdacarrieraHard Cover 4aAgama a6334